Vzory testov na prijímacie skúšky z francúzskeho jazyka

Na minha lista:
Detalhes bibliográficos
Autor principal: Lapšanský, Ladislav
Autor Corporativo: Ekonomická univerzita v Bratislave. Ústav jazykov
Outros Autores: Jónová, Rút
Formato: Livro
Idioma:francês
eslovaco
Publicado em: Bratislava Vydavateľstvo EKONÓM 2002
Assuntos:
Tags: Adicionar Tag
Sem tags, seja o primeiro a adicionar uma tag!

MARC

LEADER 00000nam a2200000 4500
001 c132318
005 20221124091518.7
020 |a 80-225-1524-8 
041 0 |a fre 
041 0 |a slo 
044 |a SK 
245 1 0 |a Vzory testov na prijímacie skúšky z francúzskeho jazyka  |c [Ladislav Lapšanský, Rút Jónová] 
264 1 |a Bratislava  |b Vydavateľstvo EKONÓM  |c 2002 
300 |a 44 s. 
610 2 0 |a jazykoveda 
610 2 0 |a terminológia 
610 2 0 |a testy 
610 2 0 |a skúšky prijímacie 
100 1 |a Lapšanský, Ladislav 
700 1 |a Jónová, Rút 
710 2 |a Ekonomická univerzita v Bratislave. Ústav jazykov